| 000 | 01317nam a22003617a 4500 | ||
|---|---|---|---|
| 003 | CHAP | ||
| 005 | 20220329143341.0 | ||
| 008 | 081103s2008 mx r 00010 spa d | ||
| 010 | _a95341 | ||
| 011 | _a96313 | ||
| 035 | _a106963 | ||
| 040 | _cCHAP | ||
| 090 | _aTesis | ||
| 100 | 1 |
_aMartìnez Elizalde, Mayra Beatrìz. _972710 |
|
| 245 | 1 | 0 |
_aRuta interpretativa temática del Textil : _bChiconcuac de Juárez, Estado de México _c/por Mayra Beatríz Martínez Elizalde |
| 260 |
_aTexcoco, Méx. : _bEl autor, _c2008 |
||
| 300 |
_a136 h. : _bgráfs., ilus., mapas |
||
| 502 | _aTesis (Lic. en Turismo) -- Universidad Autónoma del Estado de México | ||
| 590 |
_aALEPH _b10 _c20130110 _lUCH01 _h1525 |
||
| 590 |
_aBATCH-UPD _b10 _c20130110 _lUCH01 _h0511 |
||
| 590 |
_aBATCH-UPD _b10 _c20130410 _lUCH01 _h0149 |
||
| 590 |
_aBATCH-UPD _b10 _c20130914 _lUCH01 _h0414 |
||
| 590 |
_aCONVERSION _b10 _c20130109 _lUCH01 _h1353 |
||
| 650 | 1 | 4 |
_aArtes y oficios _xMéxico (Edo.) _97755 |
| 650 | 1 | 4 |
_aComercio _zMéxico (Edo). _925625 |
| 650 | 1 | 4 |
_aTextiles _xIndustria y fabricación. _9112556 |
| 650 | 1 | 4 |
_aTextiles _zMéxico (Edo.). _9112558 |
| 650 | 1 | 4 |
_aTurismo _zMéxico (Edo.). _9115620 |
| 901 | _aBK | ||
| 905 | _aluisgm | ||
| 942 | _cTESIS | ||
| 949 |
_aTesis _bBC _cTES _d33724002073446 _eTS1 _gDonaciØn _h48431 _i106963 _sb |
||
| 999 |
_c95341 _d95341 |
||